START & RUN A SUCCESSFUL RESTAURANT (Record no. 231827)

MARC details
000 -LEADER
fixed length control field 00392pam a2200145 a 4500
020 ## - INTERNATIONAL STANDARD BOOK NUMBER
Terms of availability
041 ## - LANGUAGE CODE
Language code of original
100 ## - MAIN ENTRY--PERSONAL NAME
Personal name BRIAN COOPER, BRIAN FLOODY,
Relator term Author
245 ## - TITLE STATEMENT
Title START & RUN A SUCCESSFUL RESTAURANT
Statement of responsibility, etc. BRIAN COOPER, BRIAN FLOODY,
Medium Textual Documents
260 ## - PUBLICATION, DISTRIBUTION, ETC.
Name of publisher, distributor, etc. oxford Uni Press
300 ## - PHYSICAL DESCRIPTION
Extent 214
653 ## - INDEX TERM--UNCONTROLLED
Uncontrolled term hotel manaemant
700 ## - ADDED ENTRY--PERSONAL NAME
Personal name GINA MC NELL
Relator term Co-Author
930 ## - EQUIVALENCE OR CROSS-REFERENCE-UNIFORM TITLE HEADING [LOCAL, CANADA]
Uniform title 4430
Holdings
Withdrawn status Lost status Damaged status Not for loan Collection Home library Current library Date acquired Cost, normal purchase price Total Checkouts Full call number Barcode Date last seen Copy number Price effective from Koha item type
          Institute of Hotel Management & Catering Technology, Pune Institute of Hotel Management & Catering Technology, Pune 11/02/2008 295.00   HMP-D-2736 07/03/2023 1 07/03/2023 Book